=LDR 00000nam 2200000 4500 =001 INLIS000000000029228 =005 20201221093128 =035 ##$$a 0010-061300000029228 =008 201221################g##########0#ind## =041 ##$$a ind =082 ##$$a 330.072 =090 ##$$a 330.072, ANA a =245 ##$$a Analisis dan metodologi ekonomi Indonesia =260 ##$$a Jakarta :$b Gramedia pustaka utama,$c 1991 =300 ##$$a xvi, 499 hlm ; $c 21x14 cm =650 #4$$a Ekonomi =650 #4$$a Metodologi =700 #$$a Sjahrir =850 ##$$a NBPNMAT =084 ##$$a 330.072 ANA =250 ##$$a cet.1 =990 ##$$a 56.908/Pro.93 =990 ##$$a 00087023